| 000 | 01011cam a22002774a 4500 | ||
|---|---|---|---|
| 001 | 13842782 | ||
| 003 | OSt | ||
| 005 | 20160516124905.0 | ||
| 008 | 050114s2005 nyu 000 0 eng | ||
| 010 | _a 2005001284 | ||
| 020 | _a0071444696 | ||
| 040 | _aSEKU | ||
| 042 | _apcc | ||
| 050 | 0 | 0 |
_aRF 421 _b.M4 2005 |
| 100 | 1 | _aMetson, Ralph B. | |
| 245 | 1 | 4 |
_aThe Harvard Medical School guide to healing your sinuses / _cRalph Metson with Steve Mardon. |
| 246 | 3 | 0 | _aGuide to healing your sinuses |
| 260 |
_aNew York : _bMcGraw Hill, _cc2005. |
||
| 300 |
_axiv, 210 p. ; _c23 cm. |
||
| 650 | 0 |
_aParanasal sinuses _xDiseases _vPopular works. |
|
| 700 | 1 | _aMardon, Steven. | |
| 856 | 4 | 1 |
_3Table of contents only _uhttp://www.loc.gov/catdir/toc/ecip056/2005001284.html |
| 856 | 4 | 2 |
_3Contributor biographical information _uhttp://www.loc.gov/catdir/enhancements/fy0621/2005001284-b.html |
| 856 | 4 | 2 |
_3Publisher description _uhttp://www.loc.gov/catdir/enhancements/fy1501/2005001284-d.html |
| 942 |
_2lcc _cGEN |
||
| 999 |
_c14044 _d14044 |
||